• 首页
  • 本馆介绍
  • 公告通知
  • 最新文献
  • 馆藏检索
  • 电子资源
  • 读者导购
  • 参考咨询
  • 我的图书馆
  • 登录
  • 详细信息显示
  • 放入我的书架
  • 预约/预借图书
  • 作者相关作品
  • 分类相关作品
  • 丛书相关作品
  • 出版社相关作品

书目信息

  • 表格格式
  • 工作单格式
  • 卡片格式
题名:
网络服务器安装与配置
    
 
作者: 郑娟 , 余波 , 杨剑涛 主编
分册:  
出版信息: 北京   电子工业出版社  2015
页数: 268页
开本: 26cm
丛书名:
单 册:
中图分类: TP368.5
科图分类:
主题词: 网络服务器--职业教育--教材
电子资源:
ISBN: 978-7-121-20864-5
000 00978nam0 2200253 450
001 2360331558
005 20231130164554.22
010    @a978-7-121-20864-5@dCNY36.00
100    @a20150814d2015 em y0chiy50 ea
101 0  @achi
102    @aCN@b110000
105    @aa z 000yy
200 1  @a网络服务器安装与配置@Awang luo fu wu qi an zhuang yu pei zhi@f郑娟,余波,杨剑涛主编
210    @a北京@c电子工业出版社@d2015
215    @a268页@c图@d26cm
300    @a职业教育教学用书
330    @a本书共包括十一个项目,分别介绍了WindowsServer2008系统安装与基本配置,用户管理,活动目录管理,NTFS文件系统,磁盘管理,组策略与安全设置,系统备份与灾难恢复,以及常见服务器的搭建与配置,包括DHCP服务、域名解析服务、Web/FTP服务及远程访问服务等。
606 0  @a网络服务器@x职业教育@j教材
690    @aTP368.5@v5
701  0 @a郑娟@Azheng juan@4主编
701  0 @a余波@Ayu bo@4主编
701  0 @a杨剑涛@Ayang jian tao@4主编
801  0 @aCN@b山东中教@c20231126
905    @aBZT@dTP368.5@e15
    
    网络服务器安装与配置/郑娟,余波,杨剑涛主编.-北京:电子工业出版社,2015
    268页:图;26cm
    职业教育教学用书
    
    ISBN 978-7-121-20864-5:CNY36.00
    本书共包括十一个项目,分别介绍了WindowsServer2008系统安装与基本配置,用户管理,活动目录管理,NTFS文件系统,磁盘管理,组策略与安全设置,系统备份与灾难恢复,以及常见服务器的搭建与配置,包括DHCP服务、域名解析服务、Web/FTP服务及远程访问服务等。
●
相关链接 在五车中查询图书 在当当中查询图书 在豆瓣中查询图书


正题名:网络服务器安装与配置     索取号:TP368.5/15         预约/预借

序号 登录号 条形码 馆藏地/架位号 状态 备注
1 2001161749   2001161749   中教(第二批第二书库)/山东中教(第二批)/783/ [索取号:TP368.5/15] 在馆    
2 2001161750   2001161750   中教(第二批第二书库)/山东中教(第二批)/783/ [索取号:TP368.5/15] 在馆    
3 2001161751   2001161751   中教(第二批第二书库)/山东中教(第二批)/783/ [索取号:TP368.5/15] 在馆    
4 2001161752   2001161752   中教(第二批第二书库)/山东中教(第二批)/783/ [索取号:TP368.5/15] 在馆    
5 2001161753   2001161753   中教(第二批第二书库)/山东中教(第二批)/783/ [索取号:TP368.5/15] 在馆    
6 2001161754   2001161754   中教(第二批第二书库)/山东中教(第二批)/783/ [索取号:TP368.5/15] 在馆    
7 2001161755   2001161755   中教(第二批第二书库)/山东中教(第二批)/783/ [索取号:TP368.5/15] 在馆    
8 2001161756   2001161756   中教(第二批第二书库)/山东中教(第二批)/783/ [索取号:TP368.5/15] 在馆    
9 2001161757   2001161757   中教(第二批第二书库)/山东中教(第二批)/783/ [索取号:TP368.5/15] 在馆    
10 2001161758   2001161758   中教(第二批第二书库)/山东中教(第二批)/783/ [索取号:TP368.5/15] 在馆    
11 2001161759   2001161759   中教(第二批第二书库)/山东中教(第二批)/783/ [索取号:TP368.5/15] 在馆    
12 2001161760   2001161760   中教(第二批第二书库)/山东中教(第二批)/783/ [索取号:TP368.5/15] 在馆    
13 2001161761   2001161761   中教(第二批第二书库)/山东中教(第二批)/783/ [索取号:TP368.5/15] 在馆    
14 2001161762   2001161762   中教(第二批第二书库)/山东中教(第二批)/783/ [索取号:TP368.5/15] 在馆    
15 2001161763   2001161763   中教(第二批第二书库)/山东中教(第二批)/783/ [索取号:TP368.5/15] 在馆    
16 2001161764   2001161764   中教(第二批第二书库)/山东中教(第二批)/783/ [索取号:TP368.5/15] 在馆    
17 2001161765   2001161765   中教(第二批第二书库)/山东中教(第二批)/783/ [索取号:TP368.5/15] 在馆    
18 2001161766   2001161766   中教(第二批第二书库)/山东中教(第二批)/783/ [索取号:TP368.5/15] 在馆    
19 2001161767   2001161767   中教(第二批第二书库)/山东中教(第二批)/783/ [索取号:TP368.5/15] 在馆    
20 2001161768   2001161768   中教(第二批第二书库)/山东中教(第二批)/783/ [索取号:TP368.5/15] 在馆    
21 2001161769   2001161769   中教(第二批第二书库)/山东中教(第二批)/783/ [索取号:TP368.5/15] 在馆    
22 2001161770   2001161770   中教(第二批第二书库)/山东中教(第二批)/783/ [索取号:TP368.5/15] 在馆    
23 2001161771   2001161771   中教(第二批第二书库)/山东中教(第二批)/783/ [索取号:TP368.5/15] 在馆    
24 2001161772   2001161772   中教(第二批第二书库)/山东中教(第二批)/783/ [索取号:TP368.5/15] 在馆    
25 2001161773   2001161773   中教(第二批第二书库)/山东中教(第二批)/783/ [索取号:TP368.5/15] 在馆    
26 2001161774   2001161774   中教(第二批第二书库)/山东中教(第二批)/783/ [索取号:TP368.5/15] 在馆    
27 2001161775   2001161775   中教(第二批第二书库)/山东中教(第二批)/783/ [索取号:TP368.5/15] 在馆    
28 2001161776   2001161776   中教(第二批第二书库)/山东中教(第二批)/783/ [索取号:TP368.5/15] 在馆    
29 2001161777   2001161777   中教(第二批第二书库)/山东中教(第二批)/783/ [索取号:TP368.5/15] 在馆    
30 2001161778   2001161778   中教(第二批第二书库)/山东中教(第二批)/783/ [索取号:TP368.5/15] 在馆    
山东省滨州职业学院图书馆 欢迎您!
大连网信软件有限公司© 版权所有